| 000 | 00379 a2200169 4500 | ||
|---|---|---|---|
| 001 | 157343 | ||
| 020 | _a85-7676-063-0 | ||
| 040 | _cEscola São Tomás de Aquino | ||
| 100 | _aBADGER, Meredith | ||
| 240 | 1 | 0 |
_aGo girl _lpor |
| 245 | 1 | 0 | _aGo girl |
| 300 | _a73 | ||
| 362 | 0 | _a2006 | |
| 440 | 1 | _aFundamento Educacional | |
| 697 | _a*LITERATURA INFANTO JUVENIL | ||
| 942 | _cBK | ||
| 999 |
_c157343 _d157343 |
||